00380nam a2200145Ia 4500008004100000040001900041041001200060082002000072100001900092245003800111260003000149300002300179650001400202850001800216131103s9999 xx 000 0 und d aLoreto College aEnglish a920/GRIbLCLIB/ aGriffiths Bede 4aThe golden stringcBede Griffiths aLondonbthe harvillc1957 avii,168p. c 22cm. aBiography aLCLIB/920/GRI